[Event "I'M Not A GM Gp-C"]
[Site "Chess.com INT"]
[Date "2023.10.13"]
[Round "3.2"]
[White "Martinez Martin, David"]
[Black "Souleidis, Georgios"]
[Result "0-1"]
[WhiteElo "2385"]
[BlackElo "2419"]
[PlyCount "45"]
[EventDate "2023.10.13"]
[EventType "tourn (blitz)"]
[EventRounds "4"]
[EventCountry "USA"]
[EventCategory "8"]
[SourceTitle "Mega2024 Update 01"]
[Source "Chessbase"]
[SourceDate "2023.11.12"]
[SourceVersion "1"]
[SourceVersionDate "2023.11.12"]
[SourceQuality "1"]

1. e4 c5 2. Nf3 e6 3. d4 cxd4 4. Nxd4 Nc6 5. Nc3 a6 6. g3 Qc7 7. Bg2 Nf6 8. 0-0 Nxd4 9. Qxd4 Bc5 10. Bf4 d6 11. Qd2 h6 12. Rad1 e5 13. Be3 Bb4 14. Nd5 Nxd5 15. Qxd5 Be6 16. Qd3 Bc4 17. Bb6 Qc6 18. Qe3 Bxf1 19. Rxf1 Bc5 20. Bxc5 Qxc5 21. Qb3 Qc6 22. f4 exf4 23. gxf4 0-1

[Event "I'M Not A GM Gp-C"]
[Site "Chess.com INT"]
[Date "2023.10.13"]
[Round "2.3"]
[White "Shuvalova, Polina"]
[Black "Souleidis, Georgios"]
[Result "1/2-1/2"]
[WhiteElo "2506"]
[BlackElo "2419"]
[PlyCount "115"]
[EventDate "2023.10.13"]
[EventType "tourn (blitz)"]
[EventRounds "4"]
[EventCountry "USA"]
[EventCategory "8"]
[SourceTitle "Mega2024 Update 01"]
[Source "Chessbase"]
[SourceDate "2023.11.12"]
[SourceVersion "1"]
[SourceVersionDate "2023.11.12"]
[SourceQuality "1"]

1. e4 c5 2. Nf3 e6 3. c3 d5 4. exd5 exd5 5. d4 Nc6 6. Bb5 Bd6 7. 0-0 Nge7 8. dxc5 Bxc5 9. Re1 0-0 10. Be3 Bxe3 11. Rxe3 Nf5 12. Re1 a6 13. Bxc6 bxc6 14. Nbd2 c5 15. Qa4 h6 16. Rad1 Qb6 17. b3 Be6 18. h3 Rad8 19. Nf1 d4 20. cxd4 Nxd4 21. Ne5 Qc7 22. Rc1 Qb6 23. Ng3 Rc8 24. Re3 Rfd8 25. Rec3 Nb5 26. Re3 Rd4 27. Nc4 Qb7 28. Qa5 Rcd8 29. a4 Rd1+ 30. Rxd1 Rxd1+ 31. Kh2 Nd4 32. Qxc5 Nxb3 33. Qh5 Rd8 34. Ne5 Nd4 35. Qh4 Qb8 36. Rd3 f6 37. Rxd4 Rxd4 38. Qxd4 Qxe5 39. Qxe5 fxe5 40. a5 Bd5 41. Nf5 Kf7 42. g4 Kf6 43. Kg3 Be6 44. Nd6 Ke7 45. Nb7 Bc4 46. f4 exf4+ 47. Kxf4 Kf6 48. h4 g5+ 49. hxg5+ hxg5+ 50. Ke4 Bb5 51. Nc5 Be2 52. Ke3 Bxg4 53. Nxa6 Bc8 54. Nc5 Ke5 55. a6 Bxa6 56. Nxa6 g4 57. Kf2 g3+ 58. Kxg3 1/2-1/2